000 01779nam a22002777a 4500
005 20120110140942.0
010 _aB-482643-648
020 _a9788179636763
_c45.00
035 _aB-482643-648
037 _aDPL
_bBlue Berry/Ven
082 _aS
245 _aTenali raman and the beggar :
_bTenali raman and the brinjal /
260 _aMumbai
_bShree book Centre
270 _a8 Kakad Industrial Estate-S. Keer Road (Off.L.J. Road) Matunga West
_bMumbai
_e400016
_k24377516/24374559
_l91-22-24309183
_msales@shreebookcentre.com
300 _aUnpaged
_bCol.ill
_c22cm (pbk)
490 _aStories of Tenali Raman
_953548
500 _a2 in 1 Large Print
942 _2ddc
_cCH
_mRAM
_hS
999 _c60616
_d60616